Map of Asia Missing the 10 Largest Countries - Statistics

General Stats
  • This quiz has been taken 113 times
  • The average score is 10 of 10
Answers on the Map
Answers color-coded by a green-red scale on the quiz's map according to % correct below.
 
Answer Stats
Answer % Correct
China
100%
India
100%
Indonesia
99%
Iran
99%
Kazakhstan
99%
Mongolia
99%
Pakistan
99%
Saudi Arabia
99%
Turkey
98%
Russia
97%
No matching quizzes found
Score Distribution
Percent of People with Each Score
Percentile by Number Answered
Your Score History
You have not taken this quiz